|
|
|
|
| LEADER |
00712nab a2200181 i 4500 |
| 001 |
misc26602 |
| 005 |
20191108150127.0 |
| 008 |
170918s1959 hu o 0|| zxx d |
| 040 |
|
|
|a SZTE Miscellanea Repozitórium
|b hun
|
| 041 |
|
|
|a zxx
|
| 100 |
1 |
|
|a Varró Vince
|
| 245 |
1 |
3 |
|a Az achlorhydria modern szemlélete IV.
|h [elektronikus dokumentum] :
|b neutrálvörös alkalmazása a gyomornyálkahártya csökkent szekréciós képességének kimutatására /
|c Varró Vince
|
| 260 |
|
|
|c 1959
|
| 300 |
|
|
|a 1836-1842
|
| 490 |
0 |
|
|a Kolligátum
|
| 695 |
|
|
|a Gyomorbetegségek, Belgyógyászat - diagnosztika
|
| 700 |
0 |
1 |
|a Jávor Tibor
|e aut
|
| 856 |
4 |
0 |
|u http://misc.bibl.u-szeged.hu/26602/1/019_009_1836-1842.pdf
|z Dokumentum-elérés
|